Aelii Antonii Nebrissensis De institutione grammaticae, libri quinque, novissimè quam plurimus, quae aliis in editionibus irrepserant, mendis accurate expurgati. Pristinamque fermè ad puritatem restituti. A D. Pet. del Campo et Lago, philosophiae, ac sacrae theology. Ex-profess. nunc litterar. humanior. moderat. necnon régiae lat. Matrit. academ. socio.

Detalles Bibliográficos
Autor principal: Nebrija, Elio Antonio de, 1444-1522
Formato: Libro
Publicado: Parisiis : in taberna libraria Lecointe, moles dicta Augustiniana, 49, 1836.
Edición:Nova editio
Materias:
Colección:Banco de datos
Acervo:Centro de Espiritualidad El Carmen. Toluca. Biblioteca Rafael Checa Curi
Descripción Física:240 p. ; 17.5 cm.
Tema general:Latín - Gramáticas
Idiomas
Notas:Portada tipográfica con viñetas en grabado litográfico. Título de la anteportada: Nebrissensis De Institutione Grammaticae. Texto bilingüe a renglón seguido con paginación en números arábigos, cornisas y signaturas. Propiedad intelectual: Officina typographica Everat, via vulgo Quadrans, 16. Encuadernación en cartón con lomo en piel. Número de inventario: 1445 (1249)
LEADER 01360nam a22002050004500
035 |a 757 
041 0 |a spa ; lat 
100 1 |a Nebrija, Elio Antonio de, 1444-1522 
245 1 0 |a Aelii Antonii Nebrissensis De institutione grammaticae, libri quinque, novissimè quam plurimus, quae aliis in editionibus irrepserant, mendis accurate expurgati. Pristinamque fermè ad puritatem restituti. A D. Pet. del Campo et Lago, philosophiae, ac sacrae theology. Ex-profess. nunc litterar. humanior. moderat. necnon régiae lat. Matrit. academ. socio. 
250 |a Nova editio 
260 |a Parisiis : in taberna libraria Lecointe, moles dicta Augustiniana, 49, 1836. 
300 |a 240 p. ; 17.5 cm. 
500 |a Portada tipográfica con viñetas en grabado litográfico. Título de la anteportada: Nebrissensis De Institutione Grammaticae. Texto bilingüe a renglón seguido con paginación en números arábigos, cornisas y signaturas. Propiedad intelectual: Officina typographica Everat, via vulgo Quadrans, 16. Encuadernación en cartón con lomo en piel. Número de inventario: 1445 (1249) 
504 |a Al final de la obra está el índice de nombres 
650 1 0 |a Latín - Gramáticas 
650 1 0 |a Idiomas 
949 |a Fondo Reservado: 1249 
942 |c TOLUCA 
943 |g Centro de Espiritualidad El Carmen. Toluca. Biblioteca Rafael Checa Curi 
999 |c 1080655  |d 1080655